中国所有国家节水型城市(城市点位地图版) - Statistics

General Stats
  • This quiz has been taken 11 times
  • The average score is 109 of 150
Answers on the Map
Answers color-coded by a green-red scale on the quiz's map according to % correct below.
 
Answer Stats
省级行政区 城市 % Correct
直辖市 北京市
100%
直辖市 天津市
100%
河北省 唐山市
100%
河北省 秦皇岛市
100%
河北省 廊坊市
100%
辽宁省 沈阳市
100%
辽宁省 大连市
100%
山东省 枣庄市
100%
山东省 威海市
100%
河北省 邯郸市
88%
河北省 邢台市
88%
河北省 衡水市
88%
内蒙古自治区 包头市
88%
直辖市 上海市
88%
山东省 济南市
88%
山东省 青岛市
88%
山东省 淄博市
88%
山东省 烟台市
88%
山东省 潍坊市
88%
山东省 济宁市
88%
山东省 泰安市
88%
山东省 日照市
88%
陕西省 西安市
88%
陕西省 宝鸡市
88%
陕西省 延安市
88%
青海省 西宁市
88%
宁夏回族自治区 银川市
88%
新疆维吾尔自治区 乌鲁木齐市
88%
河北省 石家庄市
75%
河北省 沧州市
75%
山西省 太原市
75%
江苏省 南京市
75%
江苏省 无锡市
75%
江苏省 徐州市
75%
江苏省 常州市
75%
江苏省 苏州市
75%
江苏省 南通市
75%
江苏省 连云港市
75%
江苏省 淮安市
75%
江苏省 盐城市
75%
江苏省 扬州市
75%
江苏省 镇江市
75%
江苏省 泰州市
75%
江苏省 宿迁市
75%
江苏省 江阴市
75%
江苏省 宜兴市
75%
江苏省 常熟市
75%
江苏省 张家港市
75%
江苏省 昆山市
75%
江苏省 太仓市
75%
江苏省 如皋市
75%
浙江省 杭州市
75%
浙江省 宁波市
75%
浙江省 温州市
75%
浙江省 嘉兴市
75%
浙江省 湖州市
75%
浙江省 绍兴市
75%
浙江省 金华市
75%
浙江省 衢州市
75%
浙江省 舟山市
75%
浙江省 义乌市
75%
安徽省 合肥市
75%
安徽省 蚌埠市
75%
安徽省 淮南市
75%
安徽省 淮北市
75%
安徽省 滁州市
75%
安徽省 阜阳市
75%
安徽省 六安市
75%
安徽省 亳州市
75%
安徽省 宣城市
75%
福建省 厦门市
75%
福建省 泉州市
75%
福建省 漳州市
75%
江西省 景德镇市
75%
山东省 东营市
75%
山东省 德州市
75%
山东省 滨州市
75%
河南省 郑州市
75%
河南省 开封市
75%
河南省 平顶山市
75%
河南省 鹤壁市
75%
河南省 许昌市
75%
河南省 漯河市
75%
河南省 驻马店市
75%
河南省 济源市
75%
湖北省 武汉市
75%
湖北省 黄石市
75%
湖北省 宜昌市
75%
湖北省 鄂州市
75%
湖北省 荆州市
75%
湖南省 衡阳市
75%
湖南省 常德市
75%
湖南省 郴州市
75%
广东省 广州市
75%
广东省 深圳市
75%
广东省 珠海市
75%
广东省 汕头市
75%
广东省 东莞市
75%
广西壮族自治区 南宁市
75%
广西壮族自治区 北海市
75%
海南省 海口市
75%
海南省 三亚市
75%
四川省 成都市
75%
四川省 绵阳市
75%
四川省 遂宁市
75%
四川省 内江市
75%
贵州省 贵阳市
75%
贵州省 遵义市
75%
贵州省 安顺市
75%
云南省 昆明市
75%
云南省 玉溪市
75%
云南省 丽江市
75%
新疆维吾尔自治区 克拉玛依市
75%
新疆维吾尔自治区 吐鲁番市
75%
河北省 迁安市
63%
江苏省 溧阳市
63%
浙江省 平湖市
63%
浙江省 诸暨市
63%
安徽省 铜陵市
63%
安徽省 安庆市
63%
安徽省 黄山市
63%
安徽省 宿州市
63%
安徽省 池州市
63%
山东省 黄岛区
63%
山东省 滕州市
63%
山东省 蓬莱区
63%
山东省 寿光市
63%
山东省 曲阜市
63%
山东省 邹城市
63%
山东省 乳山市
63%
湖南省 益阳市
63%
广西壮族自治区 桂林市
63%
贵州省 凯里市
63%
江苏省 金坛区
50%
江苏省 吴江区
50%
江苏省 东台市
50%
浙江省 海宁市
50%
山东省 龙口市
50%
山东省 青州市
50%
山东省 高密市
50%
山东省 新泰市
50%
浙江省 长兴县
38%
山东省 海阳市
38%
山东省 安丘市
38%
山东省 肥城市
38%
山东省 文登区
38%
河南省 汝州市
38%
河南省 长垣市
38%
广西壮族自治区 北流市
38%
云南省 安宁市
38%
No matching quizzes found
Score Distribution
Percent of People with Each Score
Percentile by Number Answered
Your Score History
You have not taken this quiz